000 00726nam a2200241Ia 4500
008 180523s9999 xx 000 0 und d
020 _a0-7817-5266-3
050 _aMAIN RT 41
050 _b.B78 2005 v.1
245 0 _aBrunner & Suddarth's textbook of medical surgical nursing /
245 0 _c[edited by] Suzanne C. Smeltzer, Brenda G. Bare; and more than 50 contributors.
250 _a10th Edition
260 _aSpringhouse, PA :
260 _bLippincott Williams & Wilkins.
260 _c2005
300 _a1071 pages :
300 _billustrations ;
300 _c26 cm.
440 _v1
500 _aIncludes bibliographical references and index.
650 _aNursing.
650 _xSurgical nursing.
999 _c357668
_d357668